000 00548nam a2200169 a 4500
005 20140412111233.0
008 010522s19uu xx 00 eng d
020 _a1-57471-000-1
050 _aTR(PS E
_bWe1 1995
100 _aWilliams, Rozanne Lanczak
245 _aWe can make graphs /
_cwritten by Rozanne Lanczak Williams; photographed by Michael Jarrett.
260 _aCypress, CA :
_bCreative Teaching Press Inc,
_c1995.
300 _a1v. (unp.) ; ill.
440 _aLearn to Read-Read to Learn
650 _aMathematics
999 _c102253
_d102253